000
00323 a2200157 4500
001
184503
020
_a
040
_c
Magnum
100
_a
Caldas, Paulo
240
1
0
_a
As faces do escorpião
_l
por
245
1
0
_a
As faces do escorpião
300
_a
137
362
0
_a
1997
697
_a
LITERATURA GERAL
942
_c
BK
999
_c
184503
_d
184503